000 00490cam a22001934a 4500
005 20250605164332.0
008 250528s ||||||||||||||||||||||||d
035 _a23285
020 _a9602550198
040 _aGR-AtMCL
_bgre
_dGR-AtMCL
_eAACR2
245 1 _aΛογιστική Κόστους
250 _a
260 _bΤο Οικονομικο,
_c1986
300 _a289
700 1 _aΒενιερης Γιωργος
_98872
942 _cBK
999 _c8313
_d8313